| 000 | 01213nam a2200241Ii 4500 | ||
|---|---|---|---|
| 003 | JO-AjNU | ||
| 005 | 20240629105157.0 | ||
| 008 | 230605s9999||||xx |||||||||||||| ||und|| | ||
| 040 |
_aJO-AjNU _bara _erda _cJO-AjNU |
||
| 041 | _aara | ||
| 050 | 1 | 4 | _aK3442.2020 |
| 100 |
_aالجبوري، رافع علوان صالح مصطفى _eمعد _965771 |
||
| 245 | 0 | 0 |
_aالمسؤولية القانونية المترتبة على الانحراف الوظيفي وطرق مكافحته"دراسة مقارنة" = The Legal Responsibility Incurred on the Functional Deviation and Ways of Combating it "A comparative Study" _c/ اعداد رافع علوان صالح مصطفى الجبوري ؛ اشراف زيد ابراهيم الغرايبة |
| 264 | 3 | 1 | _a2020 |
| 300 | _a124 ورقة | ||
| 336 |
_atext _btxt _2rdacontent |
||
| 337 |
_aunmediated _bn _2rdamedia |
||
| 338 |
_avolume _bnc _2rdacarrier |
||
| 500 | _aرسالة جامعية(اطروحة ماجستير) جامعة عجلون الوطنية: كلية الحقوق، القانون،2020 | ||
| 650 | 4 |
_aالقانون-الانحراف الوظيفي _959734 |
|
| 700 |
_aزيد ابراهيم الغرايبة _eمشرف _965775 |
||
| 942 |
_2lcc _cTHS |
||
| 999 |
_c30463 _d30463 |
||